| 000 | 00708cam a22002171 4500 | ||
|---|---|---|---|
| 001 | 10272477 | ||
| 005 | 20180131081322.0 | ||
| 008 | 731204r19541827enk 000 0 eng | ||
| 010 | _a 56004892 | ||
| 035 | _a(OCoLC)754114 | ||
| 040 |
_aDLC _cOYU _dNcRS _dDLC |
||
| 041 | _aeng | ||
| 042 | _apremarc | ||
| 080 | _a330.1 MAL | ||
| 082 | _a330.1 MAL | ||
| 100 | 1 | _a52 | |
| 101 | _aEKO | ||
| 245 | 1 | 0 | _aDefinitions in political economy, |
| 906 |
_a7 _bcbc _coclcrpl _du _encip _f19 _gy-gencatlg |
||
| 942 |
_2ddc _cBK |
||
| 999 |
_c41400 _d41400 |
||